| 000 | 00000nam##2200000za#4500 |
| 001 | 9.597867 |
| 003 | CaOODSP |
| 005 | 20210624204246 |
| 007 | cr ||||||||||| |
| 008 | 150406|2004||||xxc|||||o f|0| 0 fre|d |
| 040 | |aCaOODSP|bfre |
| 043 | |an-cn--- |
| 086 | 1 |aTU3-5/04-26F-PDF |
| 110 | 2 |aBureau de la sécurité des transports du Canada. |
| 245 | 10|aDéséquilibre à l'amerrissage de l'hydravion Cessna A185F C-GVYE exploité par Big River Air Ltd. sur la rivière Taltson (à Ferguson's Cabin) (Territoires du Nord-Ouest), le 7 juin 2004 |h[ressource électronique] |
| 260 | |aGatineau - Québec : |bBureau de la sécurité des transports du Canada |c[2005]. |
| 300 | |a12p.|bill., références |
| 490 | 1 |aRapport d'enquête aéronautique |vA04W0114 |
| 590 | |a10-05-Supp|b2010-07-20 |
| 691 | 07|aAccident d'avion|2gcpds |
| 775 | 08|tUpset on water landing - Big River Air Ltd. Cessna A185F Seaplane C-GVYE, Taltson River (Ferguson's Cabin), Northwest Territories, 07 June 2004 |w(CaOODSP)9.566355 |
| 830 | #0|aRapport d'enquête aéronautique ;|vA04W0114|w(CaOODSP)9.501229 |
| 856 | 40|ahttp://publications.gc.ca|qPDF|s176 Ko|uhttps://publications.gc.ca/collections/collection_2009/bst-tsb/TU3-5-04-26F.pdf|yA04W0114 |